000 00517cam a22002171 4500
001 sa 68003608
003 DLC
005 20260227112454.0
008 881102s1964 xx 000 0 hino
010 _asa 68003608
035 _a(OCoLC)23540855
040 _aDLC
_cMiU
_dDLC
042 _apremarc
050 0 0 _aPK1977
_b.F5
245 0 0 _aFīroz al-lughāt.
260 _c[1964]
300 _a1304, 61 p.
_c29 cm.
500 _aRomanized.
650 0 _aUrdu language
_vDictionaries.
710 2 _aFīrozuddīn.
999 _c79615
_d79615